A Text Book of Engineering Mathematics Vol. 2 (Record no. 52804)

MARC details
000 -LEADER
fixed length control field 00382nam a2200145Ia 4500
008 - FIXED-LENGTH DATA ELEMENTS--GENERAL INFORMATION
fixed length control field 220530s9999 xx 000 0 und d
041 ## - LANGUAGE CODE
Language code of text/sound track or separate title eng
082 ## - DEWEY DECIMAL CLASSIFICATION NUMBER
Classification number 510
Item number DES
100 ## - MAIN ENTRY--PERSONAL NAME
Personal name Deshmukh, D.T.
9 (RLIN) 58764
245 ## - TITLE STATEMENT
Title A Text Book of Engineering Mathematics Vol. 2
250 ## - EDITION STATEMENT
Edition statement 13 Edition
260 ## - PUBLICATION, DISTRIBUTION, ETC. (IMPRINT)
Place of publication, distribution, etc. Wardha
Name of publisher, distributor, etc. Minu Deshmukh
Date of publication, distribution, etc. 2013
300 ## - PHYSICAL DESCRIPTION
Extent 968 P.
Other physical details PB
906 ## - LOCAL DATA ELEMENT F, LDF (RLIN)
a 86.25
b ALIED
Holdings
Withdrawn status Lost status Damaged status Not for loan Home library Current library Date acquired Vendor Cost, normal purchase price Total Checkouts Total Renewals Full call number Barcode Date last seen Date last checked out Cost, replacement price Bill Date Koha item type Original Barcode
        Cummins College of Engineering for Women Nagpur Cummins College of Engineering for Women Nagpur 16/08/2016 Pushpak Book Depot 375.00 2 1 510/DES/ CEWN-BB-904 27/05/2024 11/10/2023 288.75 30/05/2022 Book Bank B00904